Nikarbazín - elektrochemické správanie a možnosti jeho analytického stanovenia
Gespeichert in:
| 1. Verfasser: | |
|---|---|
| Weitere Verfasser: | |
| Format: | Manuskript Buch |
| Sprache: | Slowakisch |
| Veröffentlicht: |
2021
|
| Schlagworte: | |
| Online-Zugang: | http://is.stuba.sk/zp/portal_zp.pl?podrobnosti=149012 |
| Tags: |
Keine Tags, Fügen Sie das erste Tag hinzu!
|
MARC
| LEADER | 00000ntm a22000003a 4500 | ||
|---|---|---|---|
| 001 | stuzp84620 | ||
| 003 | SK-STU | ||
| 005 | 20210626211529.8 | ||
| 007 | ta | ||
| 008 | 150427s2015----xo-----f-mn---000-0-slo-d | ||
| 040 | |a STU |b slo | ||
| 041 | 0 | |a slo | |
| 100 | 1 | |a Daňová, Dominika |u 041000 |4 aut |U FCHPT Fakulta chemickej a potravinárskej technológie |T FCHPT Ústav analytickej chémie |X 97482 |U C1000 |Y 99 |7 97482 | |
| 242 | 0 | 1 | |a Nicarbazine - electrochemical behavior and possibilities of its analytical determination |y eng |
| 245 | 1 | 0 | |a Nikarbazín - elektrochemické správanie a možnosti jeho analytického stanovenia |
| 260 | |c 2021 | ||
| 650 | 4 | |a nikarbazín |2 slo | |
| 650 | 4 | |a kokcidióza |2 slo | |
| 650 | 4 | |a cyklická voltampérometria |2 slo | |
| 650 | 4 | |a voltampérometria s lineárnou zmenou potenciálu |2 slo | |
| 650 | 4 | |a bórom dopovaná diamantová elektróda |2 slo | |
| 650 | 4 | |a boron-doped diamond electrode |2 eng | |
| 650 | 4 | |a nicarbazin |2 eng | |
| 650 | 4 | |a coccidiosis |2 eng | |
| 650 | 4 | |a cyclic voltammetry |2 eng | |
| 650 | 4 | |a linear sweep voltammetry |2 eng | |
| 700 | 1 | |a Švorc, Ľubomír |u 041000 |k Z1 |4 ths |U FCHPT Fakulta chemickej a potravinárskej technológie |T FCHPT Ústav analytickej chémie |X 19350 |U C1000 |Y 99 |7 A000019350 | |
| 856 | 4 | |u http://is.stuba.sk/zp/portal_zp.pl?podrobnosti=149012 | |